| 000 | 00763nam a2200289Ia 4500 | ||
|---|---|---|---|
| 008 | 180207s9999 xx 000 0 und d | ||
| 020 | _a9781578593743 | ||
| 050 | _a540 | ||
| 050 | _bS849 2014 | ||
| 100 | _aStewart, Ian C. | ||
| 245 | 4 | _aThe handy chemistry answer book / | |
| 245 | _cby Ian C. Stewart and Justin P. Lomont. | ||
| 260 | _aCanton, Michigan : | ||
| 260 | _bVisible Ink Press, | ||
| 260 | _c2014 | ||
| 300 | _a388 pages : | ||
| 300 | _billustrations ; | ||
| 300 | _c23cm. | ||
| 500 | _aIncludes bibliography and index. | ||
| 650 | _aChemistry -- | ||
| 650 | _aChemistry -- | ||
| 650 | _aChemistry. | ||
| 650 | _xExaminations, questions, etc. | ||
| 650 | _xMiscellanea. | ||
| 700 | _aLomont, Justin P. | ||
| 700 | _aTitle. | ||
| 999 |
_c355912 _d355912 |
||